| 000 | 00733nam a2200229 i 4500 | ||
|---|---|---|---|
| 001 | 146683 | ||
| 003 | ES-MaACL | ||
| 005 | 20230906201631.0 | ||
| 007 | t| | ||
| 008 | 070914s1965 ag ||||1| spa d | ||
| 080 | _a316.45 | ||
| 100 | 1 |
_aTrecker, Harleigh B. _9111274 |
|
| 245 | 1 | 3 |
_aEl trabajo social en grupos / _cHarleigh B. Trecker, Audrey R. Trecker ; [traducción por Enrique Alt]. |
| 260 |
_aBuenos Aires : _bBibliográfica Omeba, _c1965. |
||
| 300 |
_a166 p. ; _c20 cm. |
||
| 650 | 1 | 4 |
_aDinámica de grupos. _911891 |
| 650 |
_aAnimación cultural. _99828 |
||
| 700 | 1 |
_aTrecker, Audrey R. _9111273 |
|
| 700 | 1 |
_aAlt, Enrique. _920501 |
|
| 852 |
_aES-MaACL _jD-9312 _bR.58297 |
||
| 852 |
_aES-MaACL _jC-29637 _bR.59847 |
||
| 999 |
_c146683 _d146683 |
||